Love must be tough: (Record no. 14621)

000 -LEADER
fixed length control field 00743nam a2200229 a 4500
001 - CONTROL NUMBER
control field :::00012453$&:&@@
003 - CONTROL NUMBER IDENTIFIER
control field OkBaRHE
005 - DATE AND TIME OF LATEST TRANSACTION
control field 20100402121729.0
008 - FIXED-LENGTH DATA ELEMENTS--GENERAL INFORMATION
fixed length control field s1983 j 000 0 eng u
020 ## - INTERNATIONAL STANDARD BOOK NUMBER
International Standard Book Number 0849903483
040 ## - CATALOGING SOURCE
Transcribing agency
100 1# - MAIN ENTRY--PERSONAL NAME
Personal name Dobson, James C., 1936-
245 10 - TITLE STATEMENT
Title Love must be tough:
Remainder of title new hope for families in crisis.
260 ## - PUBLICATION, DISTRIBUTION, ETC. (IMPRINT)
Place of publication, distribution, etc Waco, TX., :
Name of publisher, distributor, etc Word Books
Date of publication, distribution, etc 1983
300 ## - PHYSICAL DESCRIPTION
Extent 212 p. ;
Dimensions 22 cm.
650 ## - SUBJECT ADDED ENTRY--TOPICAL TERM
Topical term or geographic name as entry element Adultery
General subdivision Case Studies
650 ## - SUBJECT ADDED ENTRY--TOPICAL TERM
Topical term or geographic name as entry element Interpersonal Relations
General subdivision Case Studies
650 ## - SUBJECT ADDED ENTRY--TOPICAL TERM
Topical term or geographic name as entry element Marriage
General subdivision Case Studies
650 ## - SUBJECT ADDED ENTRY--TOPICAL TERM
Topical term or geographic name as entry element Problem Families
General subdivision Case Studies
942 ## - ADDED ENTRY ELEMENTS (KOHA)
Source of classification or shelving scheme
Koha item type Books
Copies
Barcode Date acquired Damaged status Copy number Not for loan Source of classification or shelving scheme Koha item type Price effective from Lost status Withdrawn status Date last seen Shelving location Permanent Location Full call number
124532010-04-14 1  Books2010-04-14  2010-04-14General StacksRHEMA Bible Training CollegeHQ 734 .D628 1983